000 00782nam a2200193 4500
001 121785
003 ES-MaACL
007 t|
008 070214s1999 sp r ||||1| spa d
100 1 _aPortmann, Michel.
_993280
245 1 0 _aAudiometría clínica
_b: con atlas de gráficas audiométricas /
_cpor Michel Portmann, Claudine Portmann ; versión de José María Torres de Gassó ; 3ª. ed. rev. y puesta al día por José María Torres Esteban.
250 _a3ª. ed. rev. y puesta al día.
260 _aBarcelona :
_bToray-Masson,
_c1979.
300 _aIX, 350 p. :
_bil. ;
_c25 cm.
700 1 _aTorres de Gassó, José María.
_9110941
700 1 _aPortmann, Claudine.
_993278
700 1 _aTorres Esteban, José María.
_9110954
852 _aES-MaACL
_jL-3291
_bR.103484
999 _c121785
_d121785